| 000 | 01133nam a22002417a 4500 | ||
|---|---|---|---|
| 999 |
_c177583 _d177583 |
||
| 005 | 20210818114139.0 | ||
| 010 | _aB-739321-323 B-739703 B-741124 | ||
| 020 |
_a9789389136418 _c250.00 |
||
| 035 | _aB-739321-323 | ||
| 035 | _aB-739703 | ||
| 035 | _aB-741124 | ||
| 037 | _bNiyogi Books | ||
| 082 | _aS | ||
| 100 | _aCarroll, Lewis | ||
| 245 |
_aAlice's adventures in wonderland / _cby Lewis Carroll |
||
| 260 |
_aNew Delhi _bNiyogi Books _c2020 |
||
| 270 |
_aBlock D, Building No. 77, Okhla Industrial Area, Phase-I _bNew Delhi _e110020 |
||
| 300 |
_a177p.: _c19cm(Hb) _bill. |
||
| 942 |
_2ddc _cCH _hS _mCAR |
||